Principles of critical care
| Format: | Book |
|---|---|
| Published: |
New York :
McGraw-Hill ,
1992
|
| Series: | This title is accomparied by an abridge version
|
| Subjects: |
MARC
| LEADER | 00000cam a2200000 7i4500 | ||
|---|---|---|---|
| 001 | 0000003093 | ||
| 002 | 000003346 | ||
| 005 | 20000330.0 | ||
| 020 | |a 007112635X | ||
| 090 | 0 | 0 | |a 616.028 |b PRI |
| 245 | 1 | 0 | |a Principles of critical care |c edited by Jesse B.Hall,Gregory A.Schmidt and Lawrence D.H.Wood |
| 260 | |a New York : |b McGraw-Hill , |c 1992 | ||
| 300 | |a 2432p. : |b ill ; |c 25cm. | ||
| 490 | 0 | |a This title is accomparied by an abridge version | |
| 650 | 0 | 0 | |a Critical care medicine |
| 999 | |a 036654 |b BUKU |c RUJUKAN |e PERPUSTAKAAN KOMUNITI PETALING JAYA | ||